000 00286nam a22001217a 4500
082 _a621.402
_bTHO/TH
100 _aThomas M R
100 _aSagir C K M
245 _aThermal Engineering
260 _aErnakulam
_bM & C Publishers and Distributors
_c2011
300 _a589
942 _cBK
999 _c14033
_d14033